000 00302nam a2200133Ia 4500
100 _aSchneider G.M
942 _cBK
654 _apascal
245 _aAdvanced programming and problem solving with pascal
260 _bJohn wiley
_aNew York
_c1987
300 _a621
546 _aENGLISH
999 _c32734
_d32734